Определение скоростей дефектообразования и композиция витковой и корпусной изоляции обмоток асинхронных двигателей общепромышленного применения; Тезисы докладов и сообщений заседаний IV секции Научного Совета АН СССР на тему "Электрофизические проблемы старения, долговечности и надежности электрической изоляции при воздействии высоких электрических полей"

Bibliographic Details
Parent link:Тезисы докладов и сообщений заседаний IV секции Научного Совета АН СССР на тему "Электрофизические проблемы старения, долговечности и надежности электрической изоляции при воздействии высоких электрических полей".— 1975.— С. 83
Main Author: Похолков Ю. П. Юрий Петрович
Other Authors: Матялис А. П., Пыхтин В. В.
Language:Russian
Published: 1975
Subjects:
Format: MixedMaterials Book Chapter
KOHA link:https://koha.lib.tpu.ru/cgi-bin/koha/opac-detail.pl?biblionumber=184803

MARC

LEADER 00000naa2a2200000 4500
001 184803
005 20240914063138.0
035 |a (RuTPU)RU\TPU\book\200431 
035 |a RU\TPU\book\179215 
090 |a 184803 
100 |a 20100920d1975 k y0rusy50 ca 
101 0 |a rus 
102 |a RU 
200 1 |a Определение скоростей дефектообразования и композиция витковой и корпусной изоляции обмоток асинхронных двигателей общепромышленного применения  |f Ю. П. Похолков, А. П. Матялис, В. В. Пыхтин 
463 1 |0 (RuTPU)RU\TPU\book\179158  |t Тезисы докладов и сообщений заседаний IV секции Научного Совета АН СССР на тему "Электрофизические проблемы старения, долговечности и надежности электрической изоляции при воздействии высоких электрических полей"  |f Академия наук СССР (АН СССР), Отделение физико-технических проблем энергетики, Научный совет по теоретическим и электрофизическим проблемам электроэнергетики ; Томский политехнический университет (ТПУ); ред. Ю. П. Похолков  |v С. 83  |d 1975  |p 94 с. 
610 1 |a труды учёных ТПУ 
700 1 |a Похолков  |b Ю. П.  |c специалист в области электротехники, доктор технических наук  |c ректор Томского политехнического университета (1990-2008), профессор  |f 1939-  |g Юрий Петрович  |x TPU  |y Томск  |3 (RuTPU)RU\TPU\pers\10508  |9 2235 
701 1 |a Матялис  |b А. П. 
701 1 |a Пыхтин  |b В. В. 
801 1 |a RU  |b 63413507  |c 20090318  |g PSBO 
801 2 |a RU  |b 63413507  |c 20160205  |g PSBO 
942 |c BK